Organizational psychology

Saved in:
Bibliografiske detaljer
Hovedforfatter: Schein, Edgard H (Author)
Format: Bog
Sprog:engelsk
Udgivet: Englewood Cliffs Prentice-Hall 1965
Serier:Foundations of Modern Psychology Series
Fag:
Tags: Tilføj Tag
Ingen Tags, Vær først til at tagge denne postø!

MARC

LEADER 00000nam a2200000 a 4500
001 UCO9461
003 CL-VaPUC
008 010302e19650000us |||||||||||||||||eng|d
082 0 4 |a 158.7  |b SCH  |2 21 
100 0 |a Schein, Edgard H  |e author  |9 454630 
245 1 0 |a Organizational psychology 
300 |a 114 p 
942 |c BK 
945 |d 20010302 00:00:00  |a cmena 
260 |a Englewood Cliffs  |b Prentice-Hall  |c 1965 
650 0 |a Psicología de las organizaciones  |9 408273 
650 0 |a Psicología industrial  |9 271739 
650 0 |a Relaciones laborales   |9 335971 
650 0 |a Relaciones interpersonales  |9 307056 
583 |a last modification  |c 20150429 04:33:00  |k Rodrigo Vera 
490 0 |a Foundations of Modern Psychology Series 
999 |c 293668  |d 293666 
952 |0 0  |1 0  |4 0  |6 158_700000000000000_SCH_1965  |7 0  |8 A  |9 345356  |a FDOPOS  |b FDOPOS  |d 2019-11-20  |i 3690415  |o 158.7 SCH 1965  |p 3690415  |r 2025-01-22  |w 2019-11-20  |y BK  |k MLA